Statystyki dla Dzielnice Rudy Śląskiej pod względem populacji

Kliknij tutaj aby rozwiązać quiz!

Ogólne statystyki

  • Ten quiz został rozwiązany 12 razy
  • Średni wynik to 9 z 11

Statystyki odpowiedzi

#PopulacjaDzielnica% Poprawnych
126 080Halemba
100%
418 267Bykowina
90%
101 101Chebzie
90%
513 563Nowy Bytom
90%
223 134Ruda
90%
712 151Godula
80%
612 738Kochłowice
80%
98 439Orzegów
80%
320 595Wirek
80%
89 505Bielszowice
70%
111 009Czarny Las
70%

Rozkład punktacji

Percentyl według liczby udzielonych odpowiedzi

Procent ludzi z każdym wynikiem

Twoja historia wyników

Nie rozwiązałeś tego quizu